000 00827nam a2200241 i 4500
001 72135
003 ES-MaACL
005 20240426125959.0
007 t|
008 040826s1971 sp ||||1| spa d
080 _a820 Joyce, James 7 Ulises.06
100 1 _aGilbert, Stuart.
_956922
245 1 3 _aEl "Ulises" de James Joyce /
_cpor Stuart Gilbert ; prólogo de Juan Benet ; [traductor, Manuel de la Escalera].
260 _a[Bilbao] :
_bSiglo XXI de España,
_c[1971]
300 _a417 p. ;
_c21 cm.
490 1 _aCrítica literaria
600 1 7 _aJoyce, James,
_d1882-1941-
_xCrítica e interpretación
_2
_9159837
700 1 _aBenet, Juan.
_927536
700 0 _aEscalera, Manuel de la,
_d1895-1994
_947481
830 1 _aCrítica literaria
_9182357
852 4 _aES-MaACL
_jC-39133
999 _c72135
_d72135